[Event "Scarborough CC ch reserves"]
[Site "Toronto CAN"]
[Date "2007.01.18"]
[Round "3"]
[White "Sherman, Joshua"]
[Black "Armstrong, Robert J"]
[Result "1-0"]
[WhiteElo "1701"]
[BlackElo "1834"]
[PlyCount "77"]
[GameId "2160767910739539"]
[EventDate "2007.01.04"]
[EventType "swiss"]
[EventRounds "9"]
[EventCountry "CAN"]
[SourceTitle "EXT 2022"]
[Source "ChessBase"]
[SourceDate "2021.10.06"]
[SourceVersion "1"]
[SourceVersionDate "2021.10.06"]
[SourceQuality "1"]

1. e4 g6 2. d4 Bg7 3. Nf3 d6 4. Bc4 Nf6 5. Qe2 O-O 6. O-O c6 7. e5 dxe5 8. dxe5 Ng4 9. h3 Nh6 10. Bxh6 Bxh6 11. e6 f6 12. Nc3 b5 13. Bxb5 Qb6 14. Bc4 Qxb2 15. Ne4 Qb6 16. Nd6 a5 17. Nf7 Bg7 18. Qe4 Ba6 19. Bxa6 Nxa6 20. Rab1 Qc7 21. Qc4 Nb4 22. Rfd1 Qc8 23. Rd7 Nd5 24. Nd4 Rxf7 25. exf7+ Kxf7 26. Qxc6 Qxc6 27. Nxc6 Ke6 28. Ra7 Rc8 29. Nxe7 Nxe7 30. Re1+ Kd6 31. Rexe7 Bf8 32. Rxh7 Rxc2 33. Rxa5 Rc1+ 34. Kh2 Kc6 35. Ra8 Bd6+ 36. g3 Bc5 37. Rc8+ Kd6 38. Rd8+ Ke6 39. Rd2 1-0

[Event "Scarborough CC ch reserves"]
[Site "Toronto CAN"]
[Date "2007.01.18"]
[Round "3"]
[White "Smith, Maurice"]
[Black "Mesiti, Silvano"]
[Result "1/2-1/2"]
[WhiteElo "1795"]
[BlackElo "1726"]
[PlyCount "65"]
[GameId "2160767910739540"]
[EventDate "2007.01.04"]
[EventType "swiss"]
[EventRounds "9"]
[EventCountry "CAN"]
[SourceTitle "EXT 2022"]
[Source "ChessBase"]
[SourceDate "2021.10.06"]
[SourceVersion "1"]
[SourceVersionDate "2021.10.06"]
[SourceQuality "1"]

1. e4 e5 2. Nf3 d6 3. Nc3 Nc6 4. Bb5 Bd7 5. O-O Nf6 6. d3 Be7 7. Re1 O-O 8. h3 a6 9. Bxc6 bxc6 10. Be3 Qc8 11. Kh2 Ne8 12. d4 exd4 13. Nxd4 Rb8 14. Rb1 Bf6 15. Qd2 c5 16. Nf3 Bxc3 17. Qxc3 f6 18. b3 g6 19. Rbd1 Ng7 20. Qd2 Be6 21. c4 Bf7 22. Qc3 Qd8 23. Bc1 Qe7 24. Bb2 Be8 25. Ng1 Qe5+ 26. Qxe5 fxe5 27. f3 Ne6 28. Ne2 Bc6 29. Bc3 Rf7 30. Rd3 Ng5 31. Ba5 Ne6 32. Bc3 Ng5 33. Ba5 1/2-1/2

[Event "Scarborough CC ch reserves"]
[Site "Toronto CAN"]
[Date "2007.01.18"]
[Round "3"]
[White "Verde, Pino"]
[Black "Bellomo, Joe"]
[Result "1-0"]
[WhiteElo "1782"]
[BlackElo "1782"]
[PlyCount "129"]
[GameId "2160767910739541"]
[EventDate "2007.01.04"]
[EventType "swiss"]
[EventRounds "9"]
[EventCountry "CAN"]
[SourceTitle "EXT 2022"]
[Source "ChessBase"]
[SourceDate "2021.10.06"]
[SourceVersion "1"]
[SourceVersionDate "2021.10.06"]
[SourceQuality "1"]

1. c4 c5 2. Nc3 Nf6 3. g3 e6 4. Bg2 Be7 5. Nf3 O-O 6. Qc2 Nc6 7. a3 d5 8. d4 dxc4 9. dxc5 Bxc5 10. Ne4 Nxe4 11. Qxe4 Qd5 12. Qh4 Be7 13. Bg5 f6 14. Bd2 Qb5 15. O-O a5 16. Rfc1 Qxb2 17. Qxc4 Ne5 18. Nxe5 Qxe5 19. Bf4 Qh5 20. Bf3 Qf7 21. Bc7 Bd8 22. Bxd8 Rxd8 23. Rd1 Re8 24. Qb5 Qe7 25. Rd3 Rf8 26. Rad1 Qc7 27. Rd7 Bxd7 28. Rxd7 Qc1+ 29. Kg2 Rad8 30. Re7 Rd1 31. e3 Rg1+ 32. Kh3 Qf1+ 33. Qxf1 Rxf1 34. Rxb7 Rxf2 35. Bc6 Rc2 36. Bd7 e5 37. Be6+ Kh8 38. e4 Rc3 39. a4 Rc5 40. Kg4 Rd8 41. h4 Rf8 42. h5 Rc6 43. Bd5 Rd6 44. Rb5 Ra6 45. Kf5 Rd8 46. g4 Ra7 47. g5 fxg5 48. Kxg5 Rf8 49. Rb6 Rc7 50. Re6 Rc1 51. Rxe5 h6+ 52. Kg4 Rg1+ 53. Kh3 Ra1 54. Bc6 Rc1 55. Re6 Rc3+ 56. Kg4 Rc1 57. e5 Rc4+ 58. Kg3 Rff4 59. Re8+ Kh7 60. Bd5 Rg4+ 61. Kf3 Rcf4+ 62. Ke3 g6 63. Re7+ Kh8 64. hxg6 Rxa4 65. Rh7# 1-0

[Event "Scarborough CC ch reserves"]
[Site "Toronto CAN"]
[Date "2007.01.18"]
[Round "3"]
[White "Wu, Aaron"]
[Black "Lamb, Bryan"]
[Result "0-1"]
[WhiteElo "1501"]
[BlackElo "2164"]
[PlyCount "99"]
[GameId "2160767910739543"]
[EventDate "2007.01.04"]
[EventType "swiss"]
[EventRounds "9"]
[EventCountry "CAN"]
[SourceTitle "EXT 2022"]
[Source "ChessBase"]
[SourceDate "2021.10.06"]
[SourceVersion "1"]
[SourceVersionDate "2021.10.06"]
[SourceQuality "1"]

1. e4 c5 2. Nf3 d6 3. d4 cxd4 4. Nxd4 Nf6 5. Nc3 g6 6. Be3 Bg7 7. f3 O-O 8. Qd2 Nc6 9. O-O-O Bd7 10. Bh6 Nxd4 11. Bxg7 Nxf3 12. gxf3 Kxg7 13. Nd5 Nxd5 14. Qxd5 Qb6 15. Qd4+ Qxd4 16. Rxd4 Be6 17. Bc4 Rac8 18. Bb3 Rc5 19. Rf1 Bxb3 20. axb3 f5 21. Re1 Re5 22. f4 Rxe4 23. Rexe4 fxe4 24. Rxe4 Rf7 25. Kd2 Kf8 26. Ke3 Ke8 27. Rb4 e6 28. Re4 Kd7 29. c4 Rf5 30. Kf3 Rh5 31. Kg3 d5 32. Re5 Rxe5 33. fxe5 Kc6 34. cxd5+ Kxd5 35. Kf4 Kd4 36. h3 h6 37. h4 Kd5 38. b4 a6 39. b3 Kd4 40. Kg4 Kxe5 41. h5 g5 42. Kf3 Kf5 43. b5 axb5 44. b4 e5 45. Kg3 e4 46. Kf2 Kf4 47. Ke2 e3 48. Kd3 Kf3 49. Kd4 e2 50. Kc5 0-1

[Event "Scarborough CC ch reserves"]
[Site "Toronto CAN"]
[Date "2007.01.25"]
[Round "4"]
[White "Arfin, Sam"]
[Black "Karpik, Steve"]
[Result "0-1"]
[WhiteElo "1351"]
[BlackElo "1600"]
[PlyCount "81"]
[GameId "2160767910739544"]
[EventDate "2007.01.04"]
[EventType "swiss"]
[EventRounds "9"]
[EventCountry "CAN"]
[SourceTitle "EXT 2022"]
[Source "ChessBase"]
[SourceDate "2021.10.06"]
[SourceVersion "1"]
[SourceVersionDate "2021.10.06"]
[SourceQuality "1"]

1. e4 d6 2. d4 Nf6 3. Nc3 g6 4. Bg5 Bg7 5. Bc4 O-O 6. f3 Nbd7 7. Nge2 c5 8. d5 a6 9. a4 b6 10. O-O Bb7 11. Qd2 Ne5 12. Ba2 Qc7 13. f4 Ned7 14. f5 Ne5 15. fxg6 fxg6 16. Bf4 Nh5 17. Bxe5 Bxe5 18. Qg5 Qd7 19. Rad1 Bf6 20. Qe3 Rf7 21. Rf3 Raf8 22. Rdf1 b5 23. axb5 axb5 24. Kh1 b4 25. Nd1 Ba6 26. Qf2 Qg4 27. e5 Bxe2 28. exf6 Bxf3 29. Ne3 Bxg2+ 30. Nxg2 Rxf6 31. Nf4 Rxf4 32. Rg1 Rxf2 33. Rxg4 Rxc2 34. Kg1 Nf4 35. Rg3 Ra8 36. Rf3 Rg2+ 37. Kf1 Rxa2 38. Rxf4 Rgxb2 39. Re4 Rb1+ 40. Re1 Rxe1+ 41. Kxe1 0-1

[Event "Scarborough CC ch reserves"]
[Site "Toronto CAN"]
[Date "2007.01.25"]
[Round "4"]
[White "Armstrong, Robert J"]
[Black "Moran, Mario"]
[Result "1-0"]
[WhiteElo "1834"]
[BlackElo "1630"]
[PlyCount "61"]
[GameId "2160767910739545"]
[EventDate "2007.01.04"]
[EventType "swiss"]
[EventRounds "9"]
[EventCountry "CAN"]
[SourceTitle "EXT 2022"]
[Source "ChessBase"]
[SourceDate "2021.10.06"]
[SourceVersion "1"]
[SourceVersionDate "2021.10.06"]
[SourceQuality "1"]

1. d4 f5 2. c4 Nf6 3. g3 e6 4. Bg2 Be7 5. Nf3 O-O 6. O-O b6 7. Ne5 c6 8. Nc3 Bb7 9. Bf4 d6 10. Nd3 Nbd7 11. d5 cxd5 12. cxd5 e5 13. Bg5 h6 14. Bxf6 Nxf6 15. b4 Rc8 16. Rc1 a5 17. bxa5 bxa5 18. Qb3 Ba6 19. Rfd1 Qd7 20. Nxe5 dxe5 21. d6+ Bc4 22. dxe7 Qxe7 23. Nd5 Bxd5 24. Bxd5+ Kh7 25. Rxc8 Rxc8 26. Be6 Rd8 27. Bxf5+ Kh8 28. Rxd8+ Qxd8 29. Qe6 Qc7 30. Bd3 Nd7 31. Qe8+ 1-0

[Event "Scarborough CC ch reserves"]
[Site "Toronto CAN"]
[Date "2007.01.25"]
[Round "4"]
[White "Sherman, Joshua"]
[Black "Verde, Pino"]
[Result "1-0"]
[WhiteElo "1701"]
[BlackElo "1782"]
[PlyCount "81"]
[GameId "2160767910739546"]
[EventDate "2007.01.04"]
[EventType "swiss"]
[EventRounds "9"]
[EventCountry "CAN"]
[SourceTitle "EXT 2022"]
[Source "ChessBase"]
[SourceDate "2021.10.06"]
[SourceVersion "1"]
[SourceVersionDate "2021.10.06"]
[SourceQuality "1"]

1. e4 g5 2. d4 h6 3. Bc4 e6 4. Nc3 c6 5. d5 Qf6 6. Be3 Bb4 7. Nge2 Ne7 8. dxe6 dxe6 9. Qd2 Nd7 10. O-O-O Ba5 11. h4 g4 12. f4 gxf3 13. gxf3 b5 14. Bb3 c5 15. a3 Nc6 16. Qd6 Nce5 17. f4 Nc4 18. Bxc4 bxc4 19. Bxc5 Bb6 20. Qc6 Rb8 21. Bd6 Bb7 22. Qxd7+ Kxd7 23. Bxb8+ Bd4 24. Rxd4+ Qxd4 25. Nxd4 Rxb8 26. Rg1 Ke7 27. e5 Rd8 28. Ncb5 a6 29. Nd6 Bd5 30. Rg7 Rf8 31. Rh7 Rg8 32. Rxf7+ Kd8 33. Rf6 Ke7 34. Rxh6 Rg4 35. Rh7+ Kf8 36. Rf7+ Kg8 37. Kd2 Rxh4 38. Kc3 Rh3+ 39. Kb4 Be4 40. Nxe4 Kxf7 41. Ng5+ 1-0

[Event "Scarborough CC ch reserves"]
[Site "Toronto CAN"]
[Date "2007.02.01"]
[Round "5"]
[White "Armstrong, Robert J"]
[Black "Perez, Michael"]
[Result "1-0"]
[WhiteElo "1793"]
[BlackElo "1673"]
[PlyCount "48"]
[GameId "2160767910739547"]
[EventDate "2007.01.04"]
[EventType "swiss"]
[EventRounds "9"]
[EventCountry "CAN"]
[SourceTitle "EXT 2022"]
[Source "ChessBase"]
[SourceDate "2021.10.06"]
[SourceVersion "1"]
[SourceVersionDate "2021.10.06"]
[SourceQuality "1"]

1. d4 d5 2. c4 e6 3. Nf3 Nf6 4. e3 Nbd7 5. Bd3 dxc4 6. Bxc4 Nb6 7. Bd3 Be7 8. O-O O-O 9. Nc3 c6 10. b3 Nfd5 11. Bb2 Nxc3 12. Bxc3 Nd5 13. Bb2 f5 14. a3 Qe8 15. Qc2 g5 16. Rae1 g4 17. Ne5 Qh5 18. Bc1 Bd6 19. e4 Ne7 20. f3 Ng6 21. exf5 exf5 22. fxg4 fxg4 23. Bxg6 Rxf1+ 24. Rxf1 Bxe5 1-0

[Event "Scarborough CC ch reserves"]
[Site "Toronto CAN"]
[Date "2007.02.01"]
[Round "5"]
[White "Ben Avraham, Mark"]
[Black "Xia, Linda"]
[Result "0-1"]
[WhiteElo "1113"]
[BlackElo "1367"]
[PlyCount "46"]
[GameId "2160767910739548"]
[EventDate "2007.01.04"]
[EventType "swiss"]
[EventRounds "9"]
[EventCountry "CAN"]
[SourceTitle "EXT 2022"]
[Source "ChessBase"]
[SourceDate "2021.10.06"]
[SourceVersion "1"]
[SourceVersionDate "2021.10.06"]
[SourceQuality "1"]

1. d4 d5 2. Nf3 Nc6 3. e3 Nf6 4. Bd3 Bg4 5. O-O e6 6. Re1 Bd6 7. Nbd2 O-O 8. e4 dxe4 9. Nxe4 Nxd4 10. Bg5 Be7 11. c3 Nxf3+ 12. gxf3 Bh3 13. Qc2 Nxe4 14. Bxe7 Qxe7 15. Kh1 Ng5 16. Re3 Qf6 17. Be2 Bf5 18. Qd2 Rfd8 19. Qe1 Nh3 20. Qf1 Qh4 21. Kg2 Nf4+ 22. Kh1 Bh3 23. Qg1 Bg2+ 0-1

[Event "Scarborough CC ch reserves"]
[Site "Toronto CAN"]
[Date "2007.02.01"]
[Round "5"]
[White "Blackman, Gord"]
[Black "Wu, Aaron"]
[Result "1/2-1/2"]
[WhiteElo "1633"]
[BlackElo "1491"]
[PlyCount "70"]
[GameId "2160767910739549"]
[EventDate "2007.01.04"]
[EventType "swiss"]
[EventRounds "9"]
[EventCountry "CAN"]
[SourceTitle "EXT 2022"]
[Source "ChessBase"]
[SourceDate "2021.10.06"]
[SourceVersion "1"]
[SourceVersionDate "2021.10.06"]
[SourceQuality "1"]

1. c4 Nf6 2. Nc3 g6 3. d4 Bg7 4. e4 d6 5. f3 O-O 6. Be3 Nbd7 7. Qd2 c5 8. d5 a6 9. Bd3 Ne5 10. O-O-O Nxd3+ 11. Qxd3 Bd7 12. g4 Qb8 13. h4 b5 14. h5 bxc4 15. Qxc4 Qb6 16. Qe2 Rab8 17. Rd2 Nxg4 18. Rc2 Nxe3 19. Qxe3 Qb4 20. hxg6 fxg6 21. Rch2 Bxc3 22. Qxc3 Qxc3+ 23. bxc3 Rf7 24. Rb2 Rxb2 25. Kxb2 Bb5 26. Rh2 Rf4 27. Kc2 Kg7 28. Kd2 Bc4 29. Ke3 Rf8 30. Rb2 h5 31. Nh3 Bb5 32. Nf4 Kf6 33. Rg2 Rg8 34. Nxh5+ Kf7 35. Nf4 Bd7 1/2-1/2

[Event "Scarborough CC ch reserves"]
[Site "Toronto CAN"]
[Date "2007.02.01"]
[Round "5"]
[White "Chuderski, Jan"]
[Black "Douglas, Steven1"]
[Result "0-1"]
[WhiteElo "1552"]
[BlackElo "1597"]
[PlyCount "134"]
[GameId "2160767910739550"]
[EventDate "2007.01.04"]
[EventType "swiss"]
[EventRounds "9"]
[EventCountry "CAN"]
[SourceTitle "EXT 2022"]
[Source "ChessBase"]
[SourceDate "2021.10.06"]
[SourceVersion "1"]
[SourceVersionDate "2021.10.06"]
[SourceQuality "1"]

1. d4 Nf6 2. Bf4 d6 3. h3 g6 4. e3 Bg7 5. c3 O-O 6. Nd2 Nbd7 7. Bd3 c5 8. Ngf3 a6 9. Qc2 b5 10. Ne4 Bb7 11. Nxf6+ Nxf6 12. e4 c4 13. Be2 Bxe4 14. Qc1 Re8 15. O-O Nd5 16. Bh6 Qc8 17. Bxg7 Kxg7 18. Ng5 Bf5 19. g4 Bd7 20. Bf3 Bc6 21. Bg2 e5 22. Qd2 h6 23. Ne4 Qd7 24. f3 Nf4 25. Rf2 Rad8 26. Bf1 f5 27. Ng3 Qb7 28. Bg2 Nd3 29. Rff1 Qb6 30. Kh2 exd4 31. gxf5 g5 32. Nh5+ Kf7 33. f4 Rg8 34. Bxc6 Qxc6 35. Qg2 Qxg2+ 36. Kxg2 gxf4+ 37. Kf3 Rg5 38. Nxf4 Rxf5 39. Ke4 Rxf4+ 40. Rxf4+ Nxf4 41. Kxf4 dxc3 42. bxc3 Re8 43. Rf1 Ke6 44. Re1+ Kd7 45. Rd1 Kc6 46. Rd2 Re5 47. h4 a5 48. Rb2 Kc5 49. a3 Re1 50. Ra2 Rc1 51. a4 Rxc3 52. axb5 Kxb5 53. Ke4 Rd3 54. Rb2+ Kc5 55. Ra2 Kb4 56. Rb2+ Rb3 57. Rd2 Rd3 58. Rb2+ Ka3 59. Rb6 a4 60. Rb5 d5+ 61. Ke5 Rd1 62. Kf4 d4 63. Ke4 c3 64. Rb7 c2 65. Rc7 c1=Q 66. Rxc1 Rxc1 67. Kxd4 Kb2 0-1

[Event "Scarborough CC ch reserves"]
[Site "Toronto CAN"]
[Date "2007.02.01"]
[Round "5"]
[White "Karpik, Steve"]
[Black "Lung, Stephen"]
[Result "1/2-1/2"]
[WhiteElo "1600"]
[BlackElo "1559"]
[PlyCount "77"]
[GameId "2160767910739552"]
[EventDate "2007.01.04"]
[EventType "swiss"]
[EventRounds "9"]
[EventCountry "CAN"]
[SourceTitle "EXT 2022"]
[Source "ChessBase"]
[SourceDate "2021.10.06"]
[SourceVersion "1"]
[SourceVersionDate "2021.10.06"]
[SourceQuality "1"]

1. Nf3 Nc6 2. c4 e5 3. d3 Nf6 4. g3 d6 5. Bg2 Be7 6. Nc3 Bd7 7. a3 a6 8. b4 O-O 9. Bb2 Rb8 10. Nd5 Nxd5 11. cxd5 Na7 12. e4 c6 13. dxc6 Nxc6 14. O-O Be6 15. d4 exd4 16. Nxd4 Nxd4 17. Bxd4 b5 18. Re1 Re8 19. Rc1 Rc8 20. Qd2 Qd7 21. Re3 Rxc1+ 22. Qxc1 Rc8 23. Rc3 Rxc3 24. Qxc3 Qc8 25. Qxc8+ Bxc8 26. e5 dxe5 27. Bxe5 f6 28. Bd4 Kf7 29. Kf1 Ke6 30. Bh3+ Kd5 31. Bxc8 Kxd4 32. Bxa6 Kc4 33. a4 Bxb4 34. Bxb5+ Kd4 35. Ke2 h6 36. f3 g5 37. g4 Ke5 38. Bd7 Kd4 39. Bf5 1/2-1/2

[Event "Scarborough CC ch reserves"]
[Site "Toronto CAN"]
[Date "2007.02.01"]
[Round "5"]
[White "London, John"]
[Black "Lung, Patrick"]
[Result "1-0"]
[WhiteElo "1780"]
[BlackElo "1516"]
[PlyCount "129"]
[GameId "2160767910739553"]
[EventDate "2007.01.04"]
[EventType "swiss"]
[EventRounds "9"]
[EventCountry "CAN"]
[SourceTitle "EXT 2022"]
[Source "ChessBase"]
[SourceDate "2021.10.06"]
[SourceVersion "1"]
[SourceVersionDate "2021.10.06"]
[SourceQuality "1"]

1. c4 e5 2. g3 Nf6 3. Bg2 Nc6 4. Nc3 Bb4 5. a3 Bxc3 6. dxc3 O-O 7. Nf3 Re8 8. O-O b6 9. b4 Bb7 10. Qc2 d6 11. Ng5 Qd7 12. Bd5 Rf8 13. Bg2 Nd8 14. Ne4 Nxe4 15. Bxe4 Bxe4 16. Qxe4 Ne6 17. Rd1 Rfd8 18. Be3 c5 19. Rd2 Qc7 20. Rad1 a5 21. Rxd6 Rxd6 22. Qxa8+ Nf8 23. Rxd6 Qxd6 24. bxa5 bxa5 25. Qxa5 Ne6 26. Qa8+ Nf8 27. Qd5 Qxd5 28. cxd5 Nd7 29. a4 Nb6 30. a5 Nxd5 31. Bxc5 Nxc3 32. a6 Nd5 33. a7 Nc7 34. Bd6 Na8 35. Bxe5 Kf8 36. Kg2 g6 37. Kf3 Ke7 38. Kg4 Ke6 39. Bd4 Kd5 40. e3 Kc6 41. Kg5 Kb7 42. Kf6 Nc7 43. Kxf7 Nb5 44. Kg7 Nxd4 45. exd4 Kxa7 46. Kxh7 g5 47. h4 gxh4 48. gxh4 Kb6 49. h5 Kc6 50. h6 Kd5 51. Kg7 Kxd4 52. h7 Ke4 53. h8=Q Kd5 54. Qe8 Kd4 55. f4 Kd5 56. f5 Kd4 57. f6 Kd5 58. f7 Kd4 59. f8=Q Kd5 60. Qf1 Kd6 61. Qd1+ Kc7 62. Qed7+ Kb6 63. Q1d6+ Ka5 64. Qc5+ Ka6 65. Qda7# 1-0

[Event "Scarborough CC ch reserves"]
[Site "Toronto CAN"]
[Date "2007.02.01"]
[Round "5"]
[White "Moran, Mario"]
[Black "Gillis, Doug"]
[Result "1-0"]
[WhiteElo "1751"]
[BlackElo "1540"]
[PlyCount "39"]
[GameId "2160767910739554"]
[EventDate "2007.01.04"]
[EventType "swiss"]
[EventRounds "9"]
[EventCountry "CAN"]
[SourceTitle "EXT 2022"]
[Source "ChessBase"]
[SourceDate "2021.10.06"]
[SourceVersion "1"]
[SourceVersionDate "2021.10.06"]
[SourceQuality "1"]

1. e4 e6 2. d4 d5 3. Nd2 dxe4 4. Nxe4 Qd5 5. Bd3 Nf6 6. Nxf6+ gxf6 7. Nf3 Rg8 8. g3 Nc6 9. O-O Qh5 10. c4 e5 11. dxe5 Bg4 12. Be2 Rd8 13. Qb3 Na5 14. Qe3 f5 15. e6 Bg7 16. exf7+ Kxf7 17. Ng5+ Kg6 18. Qe6+ Bf6 19. Qf7+ Kh6 20. Qxh7# 1-0

[Event "Scarborough CC ch reserves"]
[Site "Toronto CAN"]
[Date "2007.02.01"]
[Round "5"]
[White "Muir, Tom"]
[Black "Shah, Vanshil"]
[Result "1-0"]
[WhiteElo "1594"]
[BlackElo "989"]
[PlyCount "87"]
[GameId "2160767910739555"]
[EventDate "2007.01.04"]
[EventType "swiss"]
[EventRounds "9"]
[EventCountry "CAN"]
[SourceTitle "EXT 2022"]
[Source "ChessBase"]
[SourceDate "2021.10.06"]
[SourceVersion "1"]
[SourceVersionDate "2021.10.06"]
[SourceQuality "1"]

1. e4 e5 2. Nf3 Nc6 3. Bb5 a6 4. Ba4 Nf6 5. Nc3 d6 6. d4 Be7 7. dxe5 dxe5 8. Qxd8+ Bxd8 9. Nxe5 O-O 10. Nxc6 bxc6 11. Bxc6 Rb8 12. b3 Bd7 13. Bxd7 Nxd7 14. O-O c5 15. Nd5 Re8 16. Re1 Rb4 17. c4 Rb7 18. Bf4 Bh4 19. Rad1 Bxf2+ 20. Kxf2 Ne5 21. Nc7 Rxc7 22. Bxe5 Rce7 23. Bg3 Re6 24. e5 R6e7 25. Rd5 h6 26. Rxc5 Rd8 27. Rd5 Rde8 28. Red1 f6 29. Re1 Rf8 30. e6 f5 31. Bd6 Rfe8 32. Bxe7 Rxe7 33. Rd7 Re8 34. c5 f4 35. c6 Rf8 36. e7 Rc8 37. Rd8+ Rxd8 38. exd8=Q+ Kh7 39. Re7 Kg6 40. Qd6+ Kh5 41. Qxf4 Kg6 42. g4 h5 43. Qf5+ Kh6 44. g5# 1-0

[Event "Scarborough CC ch reserves"]
[Site "Toronto CAN"]
[Date "2007.02.01"]
[Round "5"]
[White "Philip, Andrew"]
[Black "Arfin, Sam"]
[Result "1-0"]
[WhiteElo "1694"]
[BlackElo "1351"]
[PlyCount "43"]
[GameId "2160767910739556"]
[EventDate "2007.01.04"]
[EventType "swiss"]
[EventRounds "9"]
[EventCountry "CAN"]
[SourceTitle "EXT 2022"]
[Source "ChessBase"]
[SourceDate "2021.10.06"]
[SourceVersion "1"]
[SourceVersionDate "2021.10.06"]
[SourceQuality "1"]

1. d4 Nf6 2. Bg5 g6 3. c4 Bg7 4. Nc3 O-O 5. e4 d6 6. Nge2 Nbd7 7. Ng3 c5 8. d5 Qa5 9. Qd2 Ne5 10. f3 a6 11. Be2 Rb8 12. O-O Qb4 13. b3 Ned7 14. a3 Qa5 15. Rfc1 Re8 16. Be3 Ne5 17. b4 cxb4 18. axb4 Qc7 19. Na4 Nfd7 20. Ra2 b6 21. f4 Nxc4 22. Bxc4 1-0

[Event "Scarborough CC ch reserves"]
[Site "Toronto CAN"]
[Date "2007.02.01"]
[Round "5"]
[White "Smith, Maurice"]
[Black "Tursman, Richard"]
[Result "1/2-1/2"]
[WhiteElo "1771"]
[BlackElo "1498"]
[PlyCount "70"]
[GameId "2160767910739557"]
[EventDate "2007.01.04"]
[EventType "swiss"]
[EventRounds "9"]
[EventCountry "CAN"]
[SourceTitle "EXT 2022"]
[Source "ChessBase"]
[SourceDate "2021.10.06"]
[SourceVersion "1"]
[SourceVersionDate "2021.10.06"]
[SourceQuality "1"]

1. e4 d5 2. exd5 Nf6 3. d4 Qxd5 4. Nc3 Qa5 5. Bd2 c6 6. Nf3 Bf5 7. Be2 e6 8. O-O Bd6 9. Ne4 Qc7 10. Nxd6+ Qxd6 11. a3 Qc7 12. h3 Nbd7 13. Rc1 O-O 14. c4 c5 15. Be3 b6 16. Bd3 Ne4 17. Qc2 Ndf6 18. Ne5 Rad8 19. Nf3 h6 20. Rcd1 Rfe8 21. dxc5 bxc5 22. b4 Re7 23. Qb3 Red7 24. Be2 Rb8 25. Rxd7 Nxd7 26. b5 e5 27. Rd1 Be6 28. Qc2 Ndf6 29. Qb2 Nd7 30. Nd2 Nxd2 31. Rxd2 f6 32. Qc2 Bf7 33. Qd1 Nb6 34. Qc2 Nd7 35. Qd1 Nb6 1/2-1/2

[Event "Scarborough CC ch reserves"]
[Site "Toronto CAN"]
[Date "2007.02.01"]
[Round "5"]
[White "Verde, Pino"]
[Black "Mesiti, Silvano"]
[Result "1-0"]
[WhiteElo "1782"]
[BlackElo "1782"]
[PlyCount "97"]
[GameId "2160767910739558"]
[EventDate "2007.01.04"]
[EventType "swiss"]
[EventRounds "9"]
[EventCountry "CAN"]
[SourceTitle "EXT 2022"]
[Source "ChessBase"]
[SourceDate "2021.10.06"]
[SourceVersion "1"]
[SourceVersionDate "2021.10.06"]
[SourceQuality "1"]

1. e4 e5 2. Nf3 d6 3. Bc4 Be7 4. d3 Nf6 5. c3 O-O 6. Qb3 Nc6 7. Ng5 Qe8 8. Qd1 Na5 9. Bb3 Nxb3 10. axb3 a6 11. h4 Be6 12. Nd2 Bg4 13. f3 Bd7 14. Nf1 Nh5 15. g4 Nf6 16. Ng3 Kh8 17. Nf5 Bxf5 18. exf5 Qc6 19. Ne4 Nxe4 20. fxe4 d5 21. Qf3 dxe4 22. dxe4 Rad8 23. g5 Bc5 24. h5 Qb5 25. c4 Qd7 26. Ke2 Qd4 27. Rb1 Bb4 28. f6 Rd6 29. fxg7+ Kxg7 30. g6 Rf6 31. h6+ Kg8 32. Qxf6 Qxe4+ 33. Be3 Qg2+ 34. Qf2 Qg4+ 35. Qf3 Qxf3+ 36. Kxf3 fxg6+ 37. Ke4 Bd6 38. c5 Be7 39. Rhf1 Rd8 40. Rfd1 Rc8 41. Rd7 Kf8 42. Kxe5 Re8 43. Rf1+ Kg8 44. Kd5 Bh4 45. Rg7+ Kh8 46. Rff7 Rd8+ 47. Kc4 Bg3 48. Rxh7+ Kg8 49. Rfg7+ 1-0

[Event "Scarborough CC ch reserves"]
[Site "Toronto CAN"]
[Date "2007.02.08"]
[Round "6"]
[White "Dattani, Dinesh"]
[Black "Haley, Phil"]
[Result "0-1"]
[WhiteElo "1376"]
[BlackElo "1786"]
[PlyCount "48"]
[GameId "2160767910739560"]
[EventDate "2007.01.04"]
[EventType "swiss"]
[EventRounds "9"]
[EventCountry "CAN"]
[SourceTitle "EXT 2022"]
[Source "ChessBase"]
[SourceDate "2021.10.06"]
[SourceVersion "1"]
[SourceVersionDate "2021.10.06"]
[SourceQuality "1"]

1. d4 d6 2. c4 e5 3. dxe5 Nc6 4. exd6 Bxd6 5. Nf3 Bf5 6. g3 Nf6 7. Bg2 Qe7 8. O-O O-O 9. Bg5 h6 10. Bc1 Rad8 11. Nbd2 Rfe8 12. Re1 Bc5 13. e3 Nb4 14. Nh4 Bh7 15. e4 Nxe4 16. Bxe4 Bxe4 17. Rxe4 Qxe4 18. Qf1 Qe1 19. Ndf3 Qxf1+ 20. Kxf1 Rd1+ 21. Kg2 Nd3 22. b4 Bxb4 23. Bb2 Nxb2 24. Rxd1 Nxd1 0-1

[Event "Scarborough CC ch reserves"]
[Site "Toronto CAN"]
[Date "2007.02.08"]
[Round "6"]
[White "Douglas, Steven1"]
[Black "Blackman, Gord"]
[Result "1-0"]
[WhiteElo "1589"]
[BlackElo "1633"]
[PlyCount "85"]
[GameId "2160767910739561"]
[EventDate "2007.01.04"]
[EventType "swiss"]
[EventRounds "9"]
[EventCountry "CAN"]
[SourceTitle "EXT 2022"]
[Source "ChessBase"]
[SourceDate "2021.10.06"]
[SourceVersion "1"]
[SourceVersionDate "2021.10.06"]
[SourceQuality "1"]

1. e4 g6 2. d4 d6 3. Bc4 Bg7 4. Nf3 Nf6 5. Qe2 c6 6. O-O O-O 7. Bg5 Bg4 8. Rd1 Nbd7 9. e5 dxe5 10. dxe5 Bxf3 11. gxf3 Ne8 12. Nc3 h6 13. Bh4 g5 14. Bg3 e6 15. Qe4 Qe7 16. Bd3 f5 17. exf6 Ndxf6 18. Qg6 Qf7 19. Re1 Qxg6 20. Bxg6 Nc7 21. Bxc7 Rac8 22. Bg3 Nd5 23. Nxd5 exd5 24. Bh5 b6 25. c3 a5 26. Be5 Rfd8 27. Bxg7 Kxg7 28. Re7+ Kg8 29. Rae1 Rd6 30. Rb7 b5 31. Ree7 Rf6 32. Rg7+ Kh8 33. Rh7+ Kg8 34. Rbg7+ Kf8 35. Rd7 Kg8 36. Bg4 Re8 37. Rhe7 Rc8 38. Be6+ Kf8 39. Rh7 Ke8 40. Rb7 Ra8 41. Rh8+ Rf8 42. Bf7+ Kd8 43. Rxf8# 1-0

[Event "Scarborough CC ch reserves"]
[Site "Toronto CAN"]
[Date "2007.02.08"]
[Round "6"]
[White "Farrant, David"]
[Black "Lung, Patrick"]
[Result "1-0"]
[WhiteElo "1521"]
[BlackElo "1516"]
[PlyCount "58"]
[GameId "2160767910739562"]
[EventDate "2007.01.04"]
[EventType "swiss"]
[EventRounds "9"]
[EventCountry "CAN"]
[SourceTitle "EXT 2022"]
[Source "ChessBase"]
[SourceDate "2021.10.06"]
[SourceVersion "1"]
[SourceVersionDate "2021.10.06"]
[SourceQuality "1"]

1. e4 e5 2. Nf3 Nc6 3. d4 exd4 4. Nxd4 Nf6 5. Nc3 Bc5 6. Nb3 Bb6 7. Bg5 h6 8. Bh4 d6 9. Nd5 g5 10. Bg3 Nxd5 11. exd5 Ne7 12. Qd2 a6 13. O-O-O Bf5 14. Re1 Qd7 15. Qe2 Bg6 16. h4 f6 17. f4 Rf8 18. hxg5 hxg5 19. Rh6 Bf5 20. Qh5+ Kd8 21. fxg5 Bg4 22. Qh4 Nf5 23. Rxf6 Qg7 24. Rxf8+ Qxf8 25. Qxg4 Nxg3 26. g6 Nf5 27. Bd3 Ng7 28. Rf1 Qe8 29. Kb1 a5 1-0